000 00674nam a2200217Ia 4500
008 191130s2004##################000#0#eng##
020 _a9780205296323
022 _a2003055624
040 _aACL
_cACL
082 _a808.042 GOP
100 _aGopen, George D
245 _aThe sense of structure : writing from the reader's perspective
_cGeorge D. Gopen
260 _aNew York
_bPearson Longman
_c2004
300 _axv, 240 p. ; 23 cm
500 _aIncludes bibliographical references (p. 235-236) and index
650 _aEnglish language - Rhetoric
650 _aReport writing
990 _a62f7c2a7ac10000c72e9795de26e7c73
991 _a179421
999 _c69600
_d69600